F1 Most World Drivers Championships - Statistics

General Stats
  • This quiz has been taken 115 times
    114 since last reset
  • The average score is 28 of 34
Answer Stats
Number Of Titles Teams Season Nationality Answer % Correct
7* McLaren / Mercedes 2008 / 2014 / 2015 / 2017 / 2018 / 2019 / 2020 English Lewis Hamilton
100%
7 Benetton / Ferrari 1994 / 1995 / 2000 / 2001 / 2002 / 2003 / 2004 German Michael Schumacher
100%
4* Red Bull 2010 / 2011 / 2012 / 2013 German Sebastian Vettel
99%
3 McLaren 1988 / 1990 / 1991 Brazilian Ayrton Senna
96%
1* Red Bull 2021 Dutch Max Verstappen
95%
1 Ferrari 2007 Finnish Kimi Raikkonen
94%
4 McLaren / Williams 1985 / 1986 / 1989 / 1993 French Alain Prost
93%
2* Renault 2005 / 2006 Spanish Fernando Alonso
93%
3 Ferrari / McLaren 1975 / 1977 / 1984 Austrian Niki Lauda
89%
1 Williams 1982 Finnish Keke Rosberg
88%
1 Mercedes 2016 German Nico Rosberg
88%
1 Brawn GP 2009 English Jenson Button
87%
1 Williams 1996 English Damon Hill
83%
2 BRM / Lotus 1962 / 1968 English Graham Hill
83%
5 Alfa Romeo / Mercedes / Ferrari / Maserati 1951 / 1954 / 1955 / 1956 / 1957 Argentinan Juan Manuel Fangio
83%
1 Williams 1992 English Nigel Mansell
82%
1 Ferrari 1961 American Phil Hill
82%
1 McLaren 1976 English James Hunt
81%
1 Williams 1997 Canadian Jacques Villeneuve
79%
2 McLaren 1998 / 1999 Finnish Mika Hakkinen
78%
3 Brabham / Williams 1981 / 1983 / 1987 Brazilian Nelson Piquet
78%
3 Matra / Tyrrell 1969 / 1971 / 1973 Scottish Jackie Stewart
77%
3 Cooper / Brabham 1959 / 1960 / 1966 Australian Jack Brabham
76%
2 Lotus 1963 / 1965 Scottish Jim Clark
76%
2 Ferrari 1952 / 1953 Italian Alberto Ascari
75%
2 Lotus / McLaren 1972 / 1974 Brazilian Emerson Fittipaldi
73%
1 Alfa Romeo 1950 Italian Giuseppe Farina
73%
1 Williams 1980 Australian Alan Jones
69%
1 Ferrari 1979 South African Jody Scheckter
69%
1 Lotus 1978 Italian-American Mario Andretti
69%
1 Lotus 1970 Austrian Jochen Rindt
65%
1 Brabham 1967 New Zealander Denny Hulme
64%
1 Ferrari 1958 English Mike Hawthorn
64%
1 Ferrari 1964 English John Surtees
63%
No matching quizzes found
Score Distribution
Percent of People with Each Score
Percentile by Number Answered
Your Score History
You have not taken this quiz since the last reset